/A nova descoberta de Kiko (Record no. 10180)

MARC details
000 -LÍDER
campo de controle de tamanho fixo 00460 a2200169 4500
001 - NÚMERO DE CONTROLE
campo de controle 10180
020 ## - ISBN - INTERNATIONAL STANDARD BOOK NUMBER
ISBN - International Standard Book Number 9788537303641
040 ## - FONTE DA CATALOGAÇÃO
Instituição que transcreveu o registro Anchieta - Aquarius
100 ## - ENTRADA PRINCIPAL--NOME PESSOAL
Nome pessoal Barros, Elisa Maria Rands Coelho
240 10 - TÍTULO UNIFORME
Título uniforme /A nova descoberta de Kiko
Idioma da obra por
245 10 - TÍTULO
Título /A nova descoberta de Kiko
300 ## - DESCRIÇÃO FÍSICA
Extensão 28
362 0# - DATAS DE PUBLICAÇÃO E/OU DESIGNAÇÃO SEQUENCIAL
Datas de publicação e/ou designação sequencial 2008
440 #1 - DECLARAÇÃO DE SÉRIE/ENTRADA ADICIONADA--TÍTULO
Título Bagaço
650 #4 - ASSUNTO--TERMO TÓPICO
Cabeçalho tópico ou nome geográfico Pessoas em literatura, história, biografia, genealogia (incluindo historiadores)
942 ## - ELEMENTOS DE ENTRADA ADICIONADOS (KOHA)
Tipo de material Koha Livros
Holdings
Situação do descarte Situação das perdas Situação física Não pode ser emprestado Biblioteca de origem Biblioteca atual Data de aquisição Total de empréstimos Número de chamada completo Código de barras Data de último acesso Data do preço efetivo Tipo de material Koha
        Colégio Anchieta - Aquarius Colégio Anchieta - Aquarius 21/11/2023   928 BAR NOV 320/AQU 21/11/2023 21/11/2023 Livros
        Colégio Anchieta - Aquarius Colégio Anchieta - Aquarius 21/11/2023   928 BAR NOV 321/AQU 21/11/2023 21/11/2023 Livros
        Colégio São Paulo Colégio São Paulo 21/11/2023   028.5 NOV 1305/ITA 21/11/2023 21/11/2023 Livros